La savate : « À nos corps défendants » (notice n° 1642927)

détails MARC
000 -LEADER
fixed length control field 01377cam a2200241 4500500
005 - DATE AND TIME OF LATEST TRANSACTION
control field 20260201144732.0
041 ## - LANGUAGE CODE
Language code of text/sound track or separate title fre
042 ## - AUTHENTICATION CODE
Authentication code dc
100 10 - MAIN ENTRY--PERSONAL NAME
Personal name Saint-Martin, Céline
Relator term author
245 00 - TITLE STATEMENT
Title La savate : « À nos corps défendants »
260 ## - PUBLICATION, DISTRIBUTION, ETC.
Date of publication, distribution, etc. 2018.<br/>
500 ## - GENERAL NOTE
General note 87
520 ## - SUMMARY, ETC.
Summary, etc. Pour pouvoir rencontrer les adolescents accueillis au sein d’un itep, un professeur de sport, un moniteur de boxe et une psychologue ont allié leurs compétences et créé un atelier à visée thérapeutique avec la boxe française pour médiation. Au vu des troubles que présentent ces adolescents, un cadre rigoureux a été pensé autour des espaces et de la temporalité notamment. Le sport et le corps sont envisagés comme support du soin psychique et de la pensée.Le bilan de cette expérience novatrice est globalement encourageant et laisse entrevoir que le langage du corps peut permettre la rencontre, mais aussi l’expression des émotions.
690 ## - LOCAL SUBJECT ADDED ENTRY--TOPICAL TERM (OCLC, RLIN)
Topical term or geographic name as entry element atelier à visée thérapeutique
690 ## - LOCAL SUBJECT ADDED ENTRY--TOPICAL TERM (OCLC, RLIN)
Topical term or geographic name as entry element boxe
690 ## - LOCAL SUBJECT ADDED ENTRY--TOPICAL TERM (OCLC, RLIN)
Topical term or geographic name as entry element expression des émotions
690 ## - LOCAL SUBJECT ADDED ENTRY--TOPICAL TERM (OCLC, RLIN)
Topical term or geographic name as entry element langage du corps
690 ## - LOCAL SUBJECT ADDED ENTRY--TOPICAL TERM (OCLC, RLIN)
Topical term or geographic name as entry element rencontre
700 10 - ADDED ENTRY--PERSONAL NAME
Personal name Baubil, Alexis
Relator term author
700 10 - ADDED ENTRY--PERSONAL NAME
Personal name Gazeau, Nicolas
Relator term author
786 0# - DATA SOURCE ENTRY
Note Empan | 111 | 3 | 2018-08-31 | p. 129-136 | 1152-3336
856 41 - ELECTRONIC LOCATION AND ACCESS
Uniform Resource Identifier <a href="https://shs.cairn.info/revue-empan-2018-3-page-129?lang=fr&redirect-ssocas=7080">https://shs.cairn.info/revue-empan-2018-3-page-129?lang=fr&redirect-ssocas=7080</a>

Pas d'exemplaire disponible.

PLUDOC

PLUDOC est la plateforme unique et centralisée de gestion des bibliothèques physiques et numériques de Guinée administré par le CEDUST. Elle est la plus grande base de données de ressources documentaires pour les Étudiants, Enseignants chercheurs et Chercheurs de Guinée.

Adresse

627 919 101/664 919 101

25 boulevard du commerce
Kaloum, Conakry, Guinée

Réseaux sociaux

Powered by Netsen Group @ 2025